Modos de ver, hacer y usar = ways of seeing, making and using / (Record no. 10818)

MARC details
000 -CABECERA
campo de control de longitud fija 01211nam a22002537a 4500
001 - NÚMERO DE CONTROL
campo de control BRCA_9199
003 - IDENTIFICADOR DEL NÚMERO DE CONTROL
campo de control FranzMayer
005 - FECHA Y HORA DE LA ÚLTIMA TRANSACCIÓN
campo de control 20220809133107.0
008 - DATOS DE LONGITUD FIJA--INFORMACIÓN GENERAL
campo de control de longitud fija 220711b |||||||| |||| 00| 0 spa d
020 ## - NÚMERO INTERNACIONAL ESTÁNDAR DEL LIBRO
Número Internacional Estándar del Libro 9786078566174
040 ## - FUENTE DE LA CATALOGACIÓN
Lengua de catalogación spa
Centro/agencia transcriptor MFM
041 1# - CÓDIGO DE LENGUA
Código de lengua del texto/banda sonora o título independiente spa
-- eng
050 ## - SIGNATURA TOPOGRÁFICA DE LA BIBLIOTECA DEL CONGRESO
Número de clasificación NX175
Número de documento/Ítem M63 2018
245 ## - MENCIÓN DE TÍTULO
Título Modos de ver, hacer y usar = ways of seeing, making and using /
Mención de responsabilidad, etc. coord. ed. Martha Tappan, Blanche Toffel
260 ## - PUBLICACIÓN, DISTRIBUCIÓN, ETC.
Lugar de publicación, distribución, etc. México :
Nombre del editor, distribuidor, etc. Investigaciones y Estudios Superiores, Universidad Anáhuac México,
Fecha de publicación, distribución, etc. 2018
300 ## - DESCRIPCIÓN FÍSICA
Extensión 191 p. :
Otras características físicas il, fot. col. ;
Dimensiones 20 x 28 cm.
500 ## - NOTA GENERAL
Nota general Ubicación: L59-N5
504 ## - NOTA DE BIBLIOGRAFÍA, ETC.
Nota de bibliografía, etc. Referencias: p. 187
520 ## - SUMARIO, ETC.
Sumario, etc. Modos de Ver, Hacer y Usar el diseño presenta una mirada retrospectiva del trabajo que se ha llevado a cabo en la Escuela de Diseño a lo largo de más de una década. Durante estos años, nuestra propuesta académica se ha ido enriqueciendo mediante una serie de actividades y vinculaciones estratégicas con el sector público y privado de México y el extranjero. - Ricardo I. Salas Moreno
546 ## - NOTA DE LENGUA/LENGUAJE
Nota de lengua/lenguaje Español/Inglés
650 ## - PUNTO DE ACCESO ADICIONAL DE MATERIA--TÉRMINO DE MATERIA
Término de materia o nombre geográfico como elemento de entrada Artes
Subdivisión general Diseño
-- Moda
-- Decoración de interiores
9 (RLIN) 28440
942 ## - ELEMENTOS DE PUNTO DE ACCESO ADICIONAL (KOHA)
Fuente del sistema de clasificación o colocación Library of Congress Classification
Tipo de ítem Koha Libros
Holdings
Estado de retiro Estado de pérdida Fuente del sistema de clasificación o colocación Estado dañado No para préstamo Localización permanente Ubicación/localización actual Fecha de adquisición Total de préstamos Signatura topográfica completa Código de barras Fecha visto por última vez Precio válido a partir de Tipo de ítem Koha
El ejemplar forma parte de la colección y puede ser consultado según las políticas vigentes.   Library of Congress Classification     Biblioteca del Museo Franz Mayer (Rogerio Casas-Alatriste) Biblioteca del Museo Franz Mayer (Rogerio Casas-Alatriste) 11/07/2022   NX175 M63 2018 CONT9972 11/07/2022 11/07/2022 Libros